000 00476nam a2200205Ia 4500
008 170918s9999 xx 000 0 und d
020 _a516245228
050 _bK877 2000
100 _aKottke, Jan
245 2 _aA day with paramedics /
245 _cby Jan Kottke.
260 _aNew York :
260 _bScholastic,
260 _c2000
300 _a24 pages :
300 _bcolored illustration ;
300 _c15cm.
440 _aWelcome books.
500 _a300
999 _c343057
_d343057